000
00291nam a2200121Ia 4500
008
220204s9999 xx 000 0 und d
082
_a
3347.7
_b
RAM
100
_a
Ramaiya, A
245
0
_a
Guide to the companies act
250
_a
Ed.10
260
_a
Nagpur
_b
Wadhawa sales
_c
1984
942
_c
BK
999
_c
38456
_d
38456